Derecho /

Guardado en:
Autor Principal: García Apolinar, Edgardo
Formato: Libro
Publicado: Buenos Aires : Sainte Claire, 1991
Materias:
Etiquetas: Agregar Etiqueta
Sin Etiquetas, Sea el primero en etiquetar este registro!
LEADER 00447nam a22001575a 4500
001 CEM.cems002780
005 20060220000000.0
008 130507s1991##################000#0#####d
003 CEMS
082 0 4 |a 346 
100 1 |a García Apolinar, Edgardo 
245 1 0 |a Derecho /  |c Edgardo García Apolinar 
260 |a Buenos Aires :  |b Sainte Claire,  |c 1991 
300 |a 248 p. 
653 |a Derecho civil 
859 |a CEMS  |b BIB. CEMS - 11 de abril  |h 346  |i G165-1  |p 16107.91  |t Ej.1